| 000 | 00397nam a2200169Ia 4500 | ||
|---|---|---|---|
| 008 | 230711s9999||||xx |||||||||||||| ||und|| | ||
| 041 | _aENG | ||
| 082 |
_a510 _bBA-D |
||
| 100 | _aBanks,Jerry | ||
| 245 | 0 | _aDiscrete event system simulation | |
| 250 | _a4th . Ed. | ||
| 260 |
_c2007 _aNew Delhi _bPearson |
||
| 300 | _a528 | ||
| 650 | _aMathematics | ||
| 700 | _aJohn S. Carson II | ||
| 942 | _cBK | ||
| 999 |
_c4623 _d4623 |
||